000 00321nam a2200145Ia 4500
100 _aFairhurst M.C
942 _cBK
654 _arobotic systems
245 _aComputer vision for robotic systems
260 _bprentice hall
_aU.K
_c1988
082 _a629.892
_bFAI
300 _a193
546 _aENGLISH
999 _c21644
_d21644